000 02272nam a2200409Ia 4500
001 ebr10252487
003 CaPaEBR
006 m u
007 cr cn|||||||||
008 030219s2002 fr a sb i001 0 eng d
020 _z9283212800
020 _z9789283212805
040 _aCaPaEBR
_cCaPaEBR
035 _a(OCoLC)276359995
050 1 4 _aRA569.3
_b.N66 2002eb
245 0 0 _aNon-ionizing radiation.
_nPart 1,
_pStatic and extremely low-frequency (ELF) electric and magnetic fields
_h[electronic resource].
246 3 0 _aStatic and extremely low-frequency (ELF) electric and magnetic fields
260 _aLyon, France :
_bIARC Press ;
_aGeneva :
_bDistributed by IARC Press and the World Health Organization Distribution and Sales,
_c2002.
300 _aix, 429 p. :
_bill.
490 1 _aIARC monographs on the evaluation of carcinogenic risks to humans,
_x1017-1606 ;
_vv. 80
500 _a"This publication represents the views and expert opinions of an IARC working group on the evaluation of carcinogenic risks to humans, which met in Lyon, 19-26 June 2001."
504 _aIncludes bibliographical references (p. 339-390) and cumulative index.
533 _aElectronic reproduction.
_bPalo Alto, Calif. :
_cebrary,
_d2011.
_nAvailable via World Wide Web.
_nAccess may be limited to ebrary affiliated libraries.
650 0 _aELF electromagnetic fields
_xCarcinogenicity
_vCongresses.
650 0 _aELF electromagnetic fields
_xToxicology
_vCongresses.
650 0 _aELF electromagnetic fields
_xDose-response relationship
_vCongresses.
650 0 _aNonionizing radiation
_xCarcinogenicity
_vCongresses.
650 0 _aNonionizing radiation
_xToxicology
_vCongresses.
650 0 _aNonionizing radiation
_xDose-response relationship
_vCongresses.
655 7 _aElectronic books.
_2local
710 2 _aIARC Working Group on the Evaluation of Carcinogenic Risks to Humans
_d(2001 :
_cLyon, France)
710 2 _aWorld Health Organization.
710 2 _aInternational Agency for Research on Cancer.
710 2 _aebrary, Inc.
830 0 _aIARC monographs on the evaluation of carcinogenic risks to humans ;
_vv. 80.
856 4 0 _uhttp://site.ebrary.com/lib/rucke/Doc?id=10252487
_zAn electronic book accessible through the World Wide Web; click to view
999 _c31966
_d31966